000 00781nam a2200229Ii 4500
003 JO-AjNU
008 230605s9999||||xx |||||||||||||| ||und||
017 _a2011/4/1265
020 _a978-9957-16-698-4
040 _aJO-AjNU
_bara
_erda
_cJO-AjNU
041 _aara
050 1 4 _aKMM166.3.N3488.2016
100 3 _a نجم ، محمد صبحي ,
_eauthor
_950701
245 0 0 _aالوجيز في قانون أصول المحاكمات الجزائية
250 _aط3
264 3 1 _aعمان : دار الثقافة ، 2016
300 _a576ص
336 _atext
_btxt
_2rdacontent
337 _aunmediated
_bn
_2rdamedia
338 _avolume
_bnc
_2rdacarrier
650 4 _aالقانون الجنائي -- المحاكمات -- الاجراءات الجنائية
_950702
999 _aA22350
_c25918
_d25918